000 00962nam a2200241 a 4500
001 43951
003 BD-RjUL
005 20211209053756.0
008 160629s1962 ii ||||| |||| 00| 0 ben d
020 _c: Tk. 11.00
035 _a(BD-RjUL)44069
040 _aBD-RjUL
_bben
_cBD-RjUL
041 _aben
082 _223
_a891.44409
_bSER 1962
100 1 0 _aসেন, শচীন
_9135294
245 1 0 _aরবীন্দ্র সাহিত্যের পরিচয় /
_cশচীন সেন, প্রণীত
250 _aপরিবর্ধিত ও সংশোধিত ৪র্থ সং.
260 _aকলিকাতা :
_bরীডার্স কর্ণার,
_c১৯৬২
300 _a৪৫৫ পৃ. ;
_c২১ সেমি.
650 _aবাংলা প্রবন্ধ
_vইতিহাস ও সমালোচনা
_9119946
650 _aBengali Essays
_vHistory and Criticism
_9119947
942 _2ddc
_cBK
999 _c43951
_d43951